Elements Of Workshop Technology (Record no. 165299)

MARC details
000 -LEADER
fixed length control field 00498nam a2200169Ia 4500
008 - FIXED-LENGTH DATA ELEMENTS--GENERAL INFORMATION
fixed length control field 230612s9999 xx 000 0 und d
041 ## - LANGUAGE CODE
Language code of text/sound track or separate title eng
082 ## - DEWEY DECIMAL CLASSIFICATION NUMBER
Classification number 621.7 CHO
100 ## - MAIN ENTRY--PERSONAL NAME
Personal name Choudhary S.K.H.
245 ## - TITLE STATEMENT
Title Elements Of Workshop Technology
Remainder of title Vol.I: Manufacturing Processes
250 ## - EDITION STATEMENT
Edition statement 10th ed.
260 ## - PUBLICATION, DISTRIBUTION, ETC. (IMPRINT)
Name of publisher, distributor, etc. Media Promoters & Publishers
365 ## - TRADE PRICE
Currency code Rs.
Price amount 80.00
700 ## - ADDED ENTRY--PERSONAL NAME
Personal name Choudhary S.K.H. & Choudhary A.K.H.
906 ## - LOCAL DATA ELEMENT F, LDF (RLIN)
d B:630301-Oct-1992
c ALLIED
b 120

No items available.